000 00301nam a2200109Ia 4500
008 201216s9999 xx 000 0 und d
100 _aMerton, Robert K. and Nisbet, Robert (ed.)
245 0 _aContemporary Social Problems
260 _aNew York
_bHarcourt Brace Jovanovich
300 _a782
942 _cBK
999 _c6114
_d6114